110è aniversari de l'Escola Professional de la Dona
Descripción Física:
101 p. ; 24 cm
Colección:
Temes d' Educació ; 8
MARC
| LEADER | 00000nam a2200000Ia 4500 | ||
|---|---|---|---|
| 001 | 10805 | ||
| 008 | 160829s1995 xx 000 0 cat d | ||
| 080 | |a E-1-65 | ||
| 110 | 2 | |a Escola Professional de la Dona |9 52886 | |
| 245 | |a 110è aniversari de l'Escola Professional de la Dona | ||
| 260 | |a Barcelona : |b Diputació de Barcelona, Àrea d'Educació, |c 1995 | ||
| 300 | |a 101 p. ; |c 24 cm | ||
| 490 | |a Temes d' Educació ; 8 | ||
| 650 | |a Escola Professional de la Dona |x Aniversaris, etc. |9 24724 | ||
| 710 | |a Barcelona (Catalunya : Província). |b Àrea d'Educació |9 8009 | ||
| 901 | |a Arxiu | ||
| 942 | |n 1 | ||
| 952 | |0 0 |1 0 |4 0 |6 E165 |7 1 |9 43288 |a Arxiu |b Arxiu |d 2016-12-01 |l 0 |o E-1-65 |p 10805 |r 2016-12-01 00:00:00 |w 2016-12-01 |y ARXIU | ||
| 999 | |c 45833 |d 45833 | ||